European Countries Ranking Game #2 - Statistics

General Stats
  • This quiz has been taken 144 times
  • The average score is 25 of 30
Answer Stats
Characteristic Countries Rank Answer Number % Correct
HDI Andorra 1 Norway 0.954
96%
Population Andorra 1 France 67.1 Mio
95%
Population Belarus 2 United Kingdom 66.4 Mio
95%
HDI Belarus 2 Sweden 0.937
94%
Population Bulgaria 3 Italy 60.2 Mio
92%
HDI Bulgaria 3 Netherlands 0.933
92%
HDI Croatia 4 United Kingdom 0.920
91%
HDI Czechia 5 Liechtenstein 0.917
89%
Population Croatia 4 Netherlands 17.4 Mio
89%
Population Sweden 14 Andorra 77 543
85%
HDI Greece 7 France 0.891
85%
Population Czechia 5 Greece 10.72 Mio
85%
Population United Kingdom 15 Liechtenstein 38 749
85%
HDI France 6 Czechia 0.891
84%
HDI Hungary 8 Italy 0.883
84%
Population France 6 Czechia 10.69 Mio
83%
HDI Sweden 14 Belarus 0.817
80%
Population Norway 12 Norway 5.4 Mio
79%
Population Liechtenstein 10 Belarus 9.4 Mio
78%
HDI United Kingdom 15 Bulgaria 0.816
78%
HDI Netherlands 11 Portugal 0.850
78%
Population Greece 7 Sweden 10.33 Mio
78%
Population Italy 9 Hungary 9.8 Mio
77%
HDI Liechtenstein 10 Andorra 0.857
76%
Population Netherlands 11 Bulgaria 7.0 Mio
76%
HDI Portugal 13 Croatia 0.837
76%
Population Portugal 13 Croatia 4.1 Mio
76%
HDI Norway 12 Hungary 0.845
76%
Population Hungary 8 Portugal 10.28 Mio
76%
HDI Italy 9 Greece 0.872
75%
No matching quizzes found
Score Distribution
Percent of People with Each Score
Percentile by Number Answered
Your Score History
You have not taken this quiz